Adugeya mulabhuta siddantagalu (Record no. 215321)
[ view plain ]
| 000 -LEADER | |
|---|---|
| fixed length control field | 00855nam a2200241Ia 4500 |
| 003 - CONTROL NUMBER IDENTIFIER | |
| control field | OSt |
| 005 - DATE AND TIME OF LATEST TRANSACTION | |
| control field | 20250708091753.0 |
| 008 - FIXED-LENGTH DATA ELEMENTS--GENERAL INFORMATION | |
| fixed length control field | 210719s2008 xx 000 0 und d |
| 040 ## - CATALOGING SOURCE | |
| Transcribing agency | AL |
| 041 ## - LANGUAGE CODE | |
| Language code of text/sound track or separate title | kannada |
| 082 ## - DEWEY DECIMAL CLASSIFICATION NUMBER | |
| Classification number | 641.5K CHAA |
| 100 ## - MAIN ENTRY--PERSONAL NAME | |
| Personal name | CHANDRASHEKHARA (E P);NIRMALA (E P C) |
| 9 (RLIN) | 125247 |
| Dates associated with a name | ಚಂದ್ರಶೇಖರ (ಎ ಪಿ) ನಿರ್ಮಲ (ಎ ಪಿ ಸಿ) |
| 245 ## - TITLE STATEMENT | |
| Title | Adugeya mulabhuta siddantagalu |
| Remainder of title | ಅಡುಗೆಯ ಮೂಲಭೂತ ಸಿದ್ಧಾಂತಗಳು |
| 260 ## - PUBLICATION, DISTRIBUTION, ETC. | |
| Place of publication, distribution, etc. | Maisuru |
| Name of publisher, distributor, etc. | Indraprastha Prakashan Pvt Ltd., |
| Date of publication, distribution, etc. | 2008 |
| 300 ## - PHYSICAL DESCRIPTION | |
| Extent | x,157 |
| Other physical details | PB |
| 365 ## - TRADE PRICE | |
| Price amount | 120 |
| Currency code | Rs |
| 440 ## - SERIES STATEMENT/ADDED ENTRY--TITLE | |
| Title | Savayava aduge indraprasthada koduge;2 |
| 9 (RLIN) | 125248 |
| 650 ## - SUBJECT ADDED ENTRY--TOPICAL TERM | |
| Topical term or geographic name entry element | Food |
| 9 (RLIN) | 125249 |
| 650 ## - SUBJECT ADDED ENTRY--TOPICAL TERM | |
| Topical term or geographic name entry element | Philosophy of Cooking |
| 9 (RLIN) | 125255 |
| 650 ## - SUBJECT ADDED ENTRY--TOPICAL TERM | |
| Topical term or geographic name entry element | Home Economics |
| 9 (RLIN) | 125250 |
| 906 ## - LOCAL DATA ELEMENT F, LDF (RLIN) | |
| a | ADugeya ; mUlabUta ; siddAntagaLu |
| 942 ## - ADDED ENTRY ELEMENTS (KOHA) | |
| Source of classification or shelving scheme | Dewey Decimal Classification |
| Koha item type | Book |
| Withdrawn status | Lost status | Damaged status | Not for loan | Collection code | Home library | Current library | Date acquired | Cost, normal purchase price | Total Checkouts | Full call number | Barcode | Date last seen | Date last checked out | Price effective from | Koha item type |
|---|---|---|---|---|---|---|---|---|---|---|---|---|---|---|---|
| St Aloysius Library | St Aloysius Library | 05/27/2012 | 120.00 | 1 | 641.5K CHAA | D03938 | 07/03/2023 | 11/30/2022 | 07/19/2021 | Donated Books |